Catálogo
 En Linea

La justa de los cometas : (Registro nro. 39854)

Detalles MARC
000 -CABECERA
campo de control de longitud fija 00729nam a2200157 a 4500
001 - NÚMERO DE CONTROL
campo de control 000040364
005 - FECHA Y HORA DE LA ÚLTIMA TRANSACCIÓN
campo de control 20201002034102.0
008 - DATOS DE LONGITUD FIJA--INFORMACIÓN GENERAL
campo de control de longitud fija 130822s2010 mx 000 0 spa d
020 ## - NÚMERO INTERNACIONAL ESTÁNDAR DEL LIBRO
Número Internacional Estándar del Libro 9786070215469
040 ## - FUENTE DE LA CATALOGACIÓN
Centro catalogador/agencia de origen DO-SdBNP
Lengua de catalogación spa
Centro/agencia transcriptor BNPHU
100 1# - ENTRADA PRINCIPAL--NOMBRE DE PERSONA
Nombre de persona Trabulse, Elías
9 (RLIN) 66663
245 13 - MENCIÓN DE TÍTULO
Título La justa de los cometas :
Resto del título Don Carlos de Sigüenza y Góngora y la astronomía de su siglo : discurso de ingreso a la Academia Mexicana de la Lengua, 24 de mayo de 2001, respuesta de Jaime Labastida /
Mención de responsabilidad, etc. Elías Trabulse ; respuesta de Jaime Labastida.
260 ## - PUBLICACIÓN, DISTRIBUCIÓN, ETC.
Lugar de publicación, distribución, etc. México :
Nombre del editor, distribuidor, etc. Dirección General de Publicaciones y Fomento Editorial :
-- Academia Mexicana de la Lengua,
Fecha de publicación, distribución, etc. 2010.
300 ## - DESCRIPCIÓN FÍSICA
Extensión 64 p. ;
Dimensiones 18 cm.
700 1# - PUNTO DE ACCESO ADICIONAL--NOMBRE DE PERSONA
Nombre de persona Labastida, Jaime
9 (RLIN) 65036
Existencias
Estado de retiro Estado de pérdida Restricciones de uso No para préstamo Código de colección Localización permanente Ubicación/localización actual Ubicación en estantería Fecha de adquisición Número de inventario Total de préstamos Signatura topográfica completa Código de barras Fecha visto por última vez Precio válido a partir de Tipo de ítem Koha Número de copia
      Excluido de préstamo Monografías: Libros y Folletos General General En catalogación 22.08.2013 LF1   40364-10 25.06.2020 25.06.2020 No se presta  
      Excluido de préstamo Monografías: Libros y Folletos General General En catalogación 22.08.2013 LF1   40364-20 25.06.2020 25.06.2020 No se presta e. 2

Con tecnología Koha